| 000 | 00396nam a22001697a 4500 | ||
|---|---|---|---|
| 003 | CEME | ||
| 005 | 20210628202421.0 | ||
| 008 | 210315b xxu||||| |||| 00| 0 eng d | ||
| 020 | _a0-521-09227-2 | ||
| 040 | _c. | ||
| 082 | _a510 HAR'C | ||
| 100 |
_aHardy, G. H _939147 |
||
| 245 | _aA course of pure mathematics | ||
| 260 |
_aNEWYORK _bCANBRIDGE _c1994 |
||
| 300 | _a509P | ||
| 942 |
_cBK _2ddc |
||
| 999 |
_c569708 _d569708 |
||